Marques de voitures par logo #2 - Statistiques

Statistiques générales
  • Ce quiz a été pris 7 468 fois
  • Le résultat moyen est 10 sur 16
Statistiques - réponses
Par images Réponse % Correct
Chevrolet
97%
Porsche
96%
Bentley
94%
Lexus
91%
Aston Martin
86%
Maserati
80%
Subaru
77%
Cadillac
68%
Dodge
62%
Brabus
54%
Infiniti
50%
Koenigsegg
43%
Chrysler
32%
Pontiac
30%
Lincoln
22%
Vauxhall
19%
Aucun quiz correspondant
Distribution des résultats
% des personnes avec chaque résultat
Percentile par nombre de réponses
Votre historique - résultats
Vous n’avez pas pris ce quiz